• 首页
  • 本馆介绍
  • 公告通知
  • 最新文献
  • 馆藏检索
  • 电子资源
  • 读者导购
  • 参考咨询
  • 我的图书馆
  • 登录
  • 详细信息显示
  • 放入我的书架
  • 预约/预借图书
  • 作者相关作品
  • 分类相关作品
  • 丛书相关作品
  • 出版社相关作品

书目信息

  • 表格格式
  • 工作单格式
  • 卡片格式
题名:
数据库原理与Access应用
    
 
作者: 张晓云 主编
分册:  
出版信息: 北京   科学出版社  2004
页数: 23,277页
开本: 24cm
丛书名:
单 册:
中图分类: TP311.138AC
科图分类:
主题词: 数据库管理系统--高等教育--教材
电子资源:
ISBN: 7-03-014298-5
000 01043nam0 2200265 450-
001 0101062832
005 20041014100557.0
010    @a7-03-014298-5@dCNY26.00
011    @a7-03-014298-5
100    @a20040924d2004 em y0chiy0120 ea
101 0  @achi
102    @aCN@b110000
105    @ay z 000yy
106    @ar
200 1  @a数据库原理与Access应用@9Shu;Shuo Ju Ku Yuan Li Yu A c c e s s Ying Yong @f张晓云主编@b专著
210    @a北京@c科学出版社@d2004
215    @a23,277页@d24cm
300    @a高等职业教育人才培养创新教材出版工程 高等职业教育电子信息类专业系列教材 (国家教育科学“十五”规划课题国家级“IT领域高职课程结构改革与教材改革的研究与实验”研究结果)
330    @a本书讲解了Access数据库的分析设计方法以及各种对象的实现方法。内容包括设计数据库、创建数据库、数据查询、创建窗体、创建报表等。
606 0  @a数据库管理系统@x高等教育@j教材
610 0  @aAccess
690    @aTP311.138AC@v4
701  0 @a张晓云@c(计算机)@4主编@9zhang xiao yun
801  0 @aCN@bAZmarc@c20230831
905    @aBZT@dTP311.138@e105@f28@sTP311.138/105
    
    数据库原理与Access应用/张晓云主编.-北京:科学出版社,2004
    23,277页;24cm
    高等职业教育人才培养创新教材出版工程 高等职业教育电子信息类专业系列教材 (国家教育科学“十五”规划课题国家级“IT领域高职课程结构改革与教材改革的研究与实验”研究结果)
    
    ISBN 7-03-014298-5:CNY26.00
    本书讲解了Access数据库的分析设计方法以及各种对象的实现方法。内容包括设计数据库、创建数据库、数据查询、创建窗体、创建报表等。
●
相关链接 在五车中查询图书 在当当中查询图书 在豆瓣中查询图书


正题名:数据库原理与Access应用     索取号:TP311.138/105         预约/预借

序号 登录号 条形码 馆藏地/架位号 状态 备注
1 2000006110   2000006110   旧书回溯/ [索取号:TP311.138/105] 在馆    
2 2000006111   2000006111   旧书回溯/ [索取号:TP311.138/105] 在馆    
3 2000006603   2000006603   旧书回溯/ [索取号:TP311.138/105] 在馆    
4 2000006604   2000006604   旧书回溯/ [索取号:TP311.138/105] 在馆    
5 2000014229   2000014229   旧书回溯/ [索取号:TP311.138/105] 在馆    
6 2000014230   2000014230   旧书回溯/ [索取号:TP311.138/105] 在馆    
7 2000014231   2000014231   旧书回溯/ [索取号:TP311.138/105] 在馆    
8 2000021039   2000021039   旧书回溯/ [索取号:TP311.138/105] 在馆    
9 2000021040   2000021040   旧书回溯/ [索取号:TP311.138/105] 在馆    
10 2000021041   2000021041   旧书回溯/ [索取号:TP311.138/105] 在馆    
11 2000021042   2000021042   旧书回溯/ [索取号:TP311.138/105] 在馆    
12 2000021043   2000021043   旧书回溯/ [索取号:TP311.138/105] 在馆    
13 2000021044   2000021044   旧书回溯/ [索取号:TP311.138/105] 在馆    
14 2000021045   2000021045   旧书回溯/ [索取号:TP311.138/105] 在馆    
15 2000054165   2000054165   旧书回溯/ [索取号:TP311.138/105] 在馆    
16 2000054497   2000054497   旧书回溯/ [索取号:TP311.138/105] 在馆    
17 2000054498   2000054498   旧书回溯/ [索取号:TP311.138/105] 在馆    
18 2000054499   2000054499   旧书回溯/ [索取号:TP311.138/105] 在馆    
19 2000054500   2000054500   旧书回溯/ [索取号:TP311.138/105] 在馆    
20 2000054501   2000054501   旧书回溯/ [索取号:TP311.138/105] 在馆    
21 2000054911   2000054911   旧书回溯/ [索取号:TP311.138/105] 在馆    
22 2000055929   2000055929   旧书回溯/ [索取号:TP311.138/105] 在馆    
23 2000055930   2000055930   旧书回溯/ [索取号:TP311.138/105] 在馆    
24 2000055931   2000055931   旧书回溯/ [索取号:TP311.138/105] 在馆    
25 2000055932   2000055932   旧书回溯/ [索取号:TP311.138/105] 在馆    
26 2000055933   2000055933   旧书回溯/ [索取号:TP311.138/105] 在馆    
27 2000059410   2000059410   旧书回溯/ [索取号:TP311.138/105] 在馆    
28 2000068142   2000068142   旧书回溯/ [索取号:TP311.138/105] 在馆    
山东省滨州职业学院图书馆 欢迎您!
大连网信软件有限公司© 版权所有